书目信息 |
| 题名: |
钱君匋作品集
|
|
| 作者: | 钱君匋 著 | |
| 分册: | ||
| 出版信息: | 长沙 湖南美术出版社 1982 |
|
| 页数: | 98页 | |
| 开本: | 20cm | |
| 丛书名: | ||
| 单 册: | ||
| 中图分类: | J121 | |
| 科图分类: | ||
| 主题词: | 艺术--中国 , 中国艺术节 | |
| 电子资源: | ||
| ISBN: | ||
| 000 | 00545nam0 2200205 450 | |
| 001 | 0640600907 | |
| 005 | 20061118112043.42 | |
| 010 | @dCNY24.00 | |
| 100 | @a20061118d1982 km y0chiy0120 ea | |
| 101 | 0 | @achi |
| 102 | @aCN@b430000 | |
| 200 | 1 | @a钱君匋作品集@Aqian jun yao zuo pin ji@f钱君匋著@Fqian jun yao zhu |
| 210 | @a长沙@c湖南美术出版社@d1982 | |
| 215 | @a98页@c图@d20cm | |
| 606 | 0 | @a艺术@x中国 |
| 606 | 0 | @a中国艺术节 |
| 690 | @aJ121@v1 | |
| 701 | 0 | @a钱君匋@Aqian jun yao@4著 |
| 801 | 0 | @aCN@bPFT@c20061118 |
| 905 | @a10447@dJ121@e10 | |
| 钱君匋作品集/钱君匋著.-长沙:湖南美术出版社,1982 |
| 98页:图;20cm |
| ISBN :CNY24.00 |
| ● |
| 相关链接 |
|
|
|
|
正题名:钱君匋作品集
索取号:J121/10
 
预约/预借
| 序号 | 登录号 | 条形码 | 馆藏地/架位号 | 状态 | 备注 |
| 1 | 0208356 | 202118868 | 第一样本阅览室/ [索取号:J121/10] | 在馆 |